| 000 | 005110000a22001690004500 | ||
|---|---|---|---|
| 090 |
_aAR _b00161 |
||
| 245 | 1 | 0 | _aUse and misuse of forest-harvested fruits in the Iquitos area |
| 650 | 1 | 4 |
_aFrutas silvestres _993031 |
| 650 | 1 | 4 |
_aBosques tropicales _992765 |
| 650 | 1 | 4 |
_aUso de los recursos _992826 |
| 651 | 4 |
_mIquitos _pPerú _992749 |
|
| 041 | 0 | _aInglés | |
| 700 | 1 |
_aGentry, Alwyn H. _93673 |
|
| 100 | 1 |
_aVasquez, Rodolfo _993032 |
|
| 942 | _cARTICULO | ||
| 773 | 1 |
_tConservation Biology _324 _h4 _q350-361 _d1989 _g3 |
|
| 999 |
_c9262 _d9262 |
||